000
00297nam a22001337a 4500
020
_a
9789332517394
082
_a
330.0151
100
_a
Sydsaeter, Knut
245
_a
Essential mathematics for economic analysis
250
_a
4th
260
_a
UK
_b
Pearson
_c
2014
300
_a
745
942
_c
BK
999
_c
2478
_d
2478